| 000 | 00919nam a22003017a 4500 | ||
|---|---|---|---|
| 001 | BR2015006849 | ||
| 003 | BR-BrBNA | ||
| 005 | 20230928104751.0 | ||
| 007 | ta | ||
| 008 | 230509b bl.||||| |||| 00| 0 por d | ||
| 040 |
_aBR-BrBNA _bpor _cBiblioteca Nacional de Agricultura |
||
| 041 | _a(Por) | ||
| 072 | _aP01 | ||
| 090 | _ P01 BR2015006849 | ||
| 110 | 1 | _aFundação Cearense de Metereologia e Recursos Hídricos, Fortaleza, CE (Brasil) | |
| 245 | 1 | _aA zona costeira do Estado do Ceará: compartimentação geoambiental e antropismo | |
| 260 | 3 |
_aFortaleza, CE (Brasil): _c2009. |
|
| 300 | _a77 p. | ||
| 500 | _a36 ref.; 5 graphs.; 5 tables; 13 maps, scale 1:1000 | ||
| 650 | _aCOBERTURA VEGETAL | ||
| 650 | _aZONA LITORÂNEA | ||
| 650 | _aPLANÍCIE | ||
| 650 | _aLEGISLAÇÃO | ||
| 650 | _aCONSERVAÇÃO | ||
| 650 | _aIMPACTO AMBIENTAL | ||
| 909 |
_a202309 _bLucia _c55 _dLucia Elande |
||
| 942 | _cBK | ||
| 999 |
_c81649 _d81649 |
||